000 00907nam a2200265 a 4500
001 BRCA_4635
005 20190320204738.0
008 280910s1944----ag-a######---#000-0#spa-#
041 _aspa
044 _aag
050 4 _aNK2490
_b.T38 1944
100 1 _aTaullard, A.
_911729
245 1 0 _aEl mueble colonial sudamericano
_cA. Taullard.
260 _aBuenos Aires
_bPeuser
_c1944
300 _a109 p.
_bil.
_c34 cm.
500 _aIncluye una cronología de los principales estilos por países y épocas para que el lector pueda tener una rápida visión en lo relativo al mobiliario y títulos de obras publicadas por el autor
500 _aEjemplar numerado 493 de 950
500 _aEstado físico: lomo maltratado
500 _aD45
504 _aBibliografía: p. 13-14
650 1 4 _aMuebles
_zAmérica del Sur
_911730
650 1 4 _aMuebles coloniales
_911731
902 _aGFM
942 _2lcc
_cB
999 _c4338
_d4338